| 000 | 00962cam a2200193ua 4500 | ||
|---|---|---|---|
| 020 | _c1.00 | ||
| 041 |
_amal _h |
||
| 082 |
_a636.08959 _bSRE/JY |
||
| 100 | _a, . | ||
| 110 | 1 |
_aThe Azad Printers . _b _c(Eranakulam, Kerala ) |
|
| 245 | 0 | 0 |
_aJyothsnika / _cSree Rama Varma Granthavali. _hTextual Documents |
| 250 |
_a2 / _b. |
||
| 260 |
_aEranakulam : _bThe Azad Printers , _c1954. |
||
| 300 | _a25 ; . | ||
| 365 | _a1.00 | ||
| 504 | _a | ||
| 942 | _cBK | ||
| 999 |
_c5035 _d5035 |
||